[Event "POL-chT 2nd League"]
[Site "Jastrzebia Gora"]
[Date "2019.09.15"]
[Round "9.14"]
[White "Jacel, Lukasz"]
[Black "Kowalczuk, Wojciech"]
[Result "1-0"]
[WhiteElo "1937"]
[BlackElo "2038"]
[PlyCount "157"]
[EventDate "2019.09.07"]
[EventType "team-swiss"]
[EventRounds "9"]
[EventCountry "POL"]
[SourceTitle "EXT 2020"]
[Source "ChessBase"]
[SourceDate "2019.10.17"]
[SourceVersion "1"]
[SourceVersionDate "2019.10.17"]
[SourceQuality "1"]
[WhiteTeam "Gliwice Roszada"]
[BlackTeam "Zarow Goniec"]
[WhiteTeamCountry "POL"]
[BlackTeamCountry "POL"]

1. e4 e5 2. Nf3 Nc6 3. Nc3 Bc5 4. Nxe5 Bxf2+ 5. Kxf2 Nxe5 6. d4 Ng6 7. Bc4 d6 8. Rf1 Be6 9. Qd3 Bxc4 10. Qxc4 Qd7 11. Kg1 f6 12. Be3 N8e7 13. Rad1 c6 14. b4 d5 15. Qb3 b5 16. Rfe1 0-0 17. exd5 cxd5 18. Bf2 Rac8 19. Ne4 Rc4 20. Nc5 Qf5 21. c3 Qh5 22. Rd3 Nf5 23. Rh3 Qg4 24. Qd1 Qxd1 25. Rxd1 Ra8 26. Rf3 Nd6 27. Re1 Kf7 28. Bg3 Re8 29. Rxe8 Nxe8 30. Kf1 Ne7 31. Ke2 g5 32. Kd3 h5 33. Rf1 h4 34. Be1 Nd6 35. g4 Kg6 36. Bd2 Nf7 37. Re1 Nc6 38. Rf1 Ne7 39. Re1 Nc6 40. h3 Nfd8 41. Rf1 Ne7 42. Ra1 f5 43. Rg1 Nf7 44. Re1 fxg4 45. hxg4 Ng8 46. Re6+ Kg7 47. Ke2 Nf6 48. Kf3 Ne4 49. Nxe4 dxe4+ 50. Kxe4 Rc8 51. Kf5 h3 52. Re1 Rc6 53. Bxg5 Nxg5 54. Kxg5 Rxc3 55. Rd1 h2 56. Rh1 Rc2 57. a3 Rd2 58. Kf5 Rxd4 59. Rxh2 Rd3 60. Rc2 Rf3+ 61. Kg5 Rxa3 62. Rc7+ Kf8 63. Kg6 a6 64. g5 Rb3 65. Rf7+ Ke8 66. Rf4 Rg3 67. Kh6 Rh3+ 68. Kg7 Re3 69. g6 Rg3 70. Re4+ Kd7 71. Kf7 Rf3+ 72. Kg7 Rf1 73. Kh6 Rh1+ 74. Kg5 Rg1+ 75. Rg4 Rxg4+ 76. Kxg4 Ke6 77. Kg5 a5 78. g7 Kf7 79. g8Q+ 1-0

[Event "POL-chT 2nd League"]
[Site "Jastrzebia Gora"]
[Date "2018.09.09"]
[Round "9.9"]
[White "Kowalczuk, Wojciech"]
[Black "Maciaga, Marcin"]
[Result "1/2-1/2"]
[WhiteElo "2058"]
[BlackElo "2117"]
[PlyCount "148"]
[EventDate "2018.09.01"]
[EventType "team-swiss"]
[EventRounds "9"]
[EventCountry "POL"]
[SourceTitle "CBM 186 Extra"]
[Source "ChessBase"]
[SourceDate "2018.08.24"]
[SourceVersion "1"]
[SourceVersionDate "2018.08.24"]
[SourceQuality "1"]
[WhiteTeam "Zarow Goniec"]
[BlackTeam "Zielonka Zieloni"]
[WhiteTeamCountry "POL"]
[BlackTeamCountry "POL"]

1. e4 c5 2. Nf3 g6 3. d4 cxd4 4. Qxd4 Nf6 5. e5 Nc6 6. Qc4 d5 7. exd6 Bg7 8. Nc3 0-0 9. Be2 Qxd6 10. Bf4 Qd8 11. 0-0 Be6 12. Qb5 Nd5 13. Nxd5 Qxd5 14. c3 Qxb5 15. Bxb5 Bd5 16. Nd2 Rac8 17. Be3 a6 18. Be2 Rfd8 19. Rfd1 e5 20. Bb6 Re8 21. Nc4 Nd4 22. cxd4 Bxc4 23. Bxc4 Rxc4 24. d5 Bf6 25. b3 Rc2 26. Rac1 Rec8 27. Rxc2 Rxc2 28. d6 Rc6 29. Bc7 Bg5 30. g3 f5 31. b4 Kf7 32. b5 axb5 33. Rd5 Ke6 34. Rxb5 b6 35. h4 Bf6 36. a4 Kd7 37. Bxb6 Kxd6 38. a5 Rc1+ 39. Kg2 Ra1 40. Rc5 Bd8 41. Rb5 Bxb6 42. axb6 Ra8 43. f3 Re8 44. b7 Kc7 45. h5 Kb8 46. hxg6 hxg6 47. Rb6 Rg8 48. Kf2 Rg7 49. Re6 Kxb7 50. Rxe5 Kc6 51. Ke3 Kd6 52. Kf4 Re7 53. Ra5 Ke6 54. Kg5 Kf7 55. f4 Re3 56. Ra7+ Kf8 57. Kf6 Ke8 58. Ra8+ Kd7 59. Kxg6 Rxg3+ 60. Kxf5 Ke7 61. Ra7+ Kf8 62. Kf6 Kg8 63. f5 Rb3 64. Ra8+ Kh7 65. Re8 Rb5 66. Re5 Rb6+ 67. Kf7 Rb7+ 68. Re7 Rb8 69. Rd7 Ra8 70. Kf6+ Kh6 71. Ke7 Kg5 72. Rd5 Ra7+ 73. Ke6 Ra6+ 74. Ke5 Ra1 1/2-1/2

[Event "POL-chT3 Dolnoslaskie 1718"]
[Site "Poland"]
[Date "2018.03.04"]
[Round "9.21"]
[White "Kowalczuk, Wojciech"]
[Black "Olszewski, Pawel"]
[Result "1-0"]
[WhiteElo "2043"]
[BlackElo "1842"]
[PlyCount "65"]
[EventDate "2017.10.08"]
[EventType "team-tourn"]
[EventRounds "11"]
[EventCountry "POL"]
[SourceTitle "EXT 2019"]
[Source "ChessBase"]
[SourceDate "2018.10.10"]
[SourceVersion "1"]
[SourceVersionDate "2018.10.10"]
[SourceQuality "1"]

1. e4 e5 2. Nf3 Nc6 3. d4 exd4 4. Nxd4 Nf6 5. Nxc6 bxc6 6. e5 Qe7 7. Qe2 Nd5 8. c4 Ba6 9. b3 g6 10. f4 Bg7 11. Qf2 Nf6 12. Be2 Ne4 13. Qe3 f5 14. Ba3 d6 15. Nd2 Nxd2 16. Qxd2 0-0-0 17. 0-0 Bb7 18. Rad1 c5 19. Qa5 Kb8 20. Bf3 Bxf3 21. Rxf3 dxe5 22. Rfd3 Rxd3 23. Rxd3 exf4 24. Bxc5 Qe4 25. Qxa7+ Kc8 26. Qa6+ Qb7 27. Qe6+ Kb8 28. Rd5 Qc8 29. Qc6 Qb7 30. Qd7 Bc3 31. b4 Qa6 32. Bf2 Qxc4 33. Rc5 1-0

[Event "POL-chT3 Dolnoslaskie 1718"]
[Site "Poland"]
[Date "2018.02.18"]
[Round "8.13"]
[White "Kowalczuk, Wojciech"]
[Black "Bienias, Piotr"]
[Result "0-1"]
[WhiteElo "2043"]
[BlackElo "1920"]
[PlyCount "46"]
[EventDate "2017.10.08"]
[EventType "team-tourn"]
[EventRounds "11"]
[EventCountry "POL"]
[SourceTitle "EXT 2019"]
[Source "ChessBase"]
[SourceDate "2018.10.10"]
[SourceVersion "1"]
[SourceVersionDate "2018.10.10"]
[SourceQuality "1"]

1. e4 c5 2. Nf3 Nc6 3. b3 e5 4. Bb2 d6 5. Be2 f5 6. Nc3 Nf6 7. d3 Be7 8. h3 Qa5 9. Qd2 Bd7 10. a3 Rc8 11. 0-0 Nd4 12. Bd1 0-0 13. Nxd4 cxd4 14. Nb1 Qb6 15. exf5 Nd5 16. a4 Nf4 17. Na3 d5 18. Qe1 Rxf5 19. Bc1 Bb4 20. Bd2 Qg6 21. Bg4 Rg5 22. Bxb4 Rxg4 23. hxg4 Qxg4 0-1

[Event "POL-chT3 Dolnoslaskie 1718"]
[Site "Poland"]
[Date "2018.02.04"]
[Round "7.16"]
[White "Kowalczuk, Wojciech"]
[Black "Zareba, Radoslaw"]
[Result "1/2-1/2"]
[WhiteElo "2043"]
[BlackElo "2116"]
[PlyCount "20"]
[EventDate "2017.10.08"]
[EventType "team-tourn"]
[EventRounds "11"]
[EventCountry "POL"]
[SourceTitle "EXT 2019"]
[Source "ChessBase"]
[SourceDate "2018.10.10"]
[SourceVersion "1"]
[SourceVersionDate "2018.10.10"]
[SourceQuality "1"]

1. e4 d6 2. d4 g6 3. Be3 Bg7 4. Nc3 c6 5. Qd2 b5 6. Nf3 Nd7 7. a3 Bb7 8. Be2 Qc7 9. 0-0 Ngf6 10. Bh6 0-0 1/2-1/2

[Event "POL-chT3 Dolnoslaskie 1718"]
[Site "Poland"]
[Date "2018.01.07"]
[Round "6.17"]
[White "Pyka, Roman"]
[Black "Kowalczuk, Wojciech"]
[Result "1/2-1/2"]
[WhiteElo "1957"]
[BlackElo "2043"]
[PlyCount "54"]
[EventDate "2017.10.08"]
[EventType "team-tourn"]
[EventRounds "11"]
[EventCountry "POL"]
[SourceTitle "EXT 2019"]
[Source "ChessBase"]
[SourceDate "2018.10.10"]
[SourceVersion "1"]
[SourceVersionDate "2018.10.10"]
[SourceQuality "1"]

1. d4 e6 2. Nf3 c5 3. c4 cxd4 4. Nxd4 Nf6 5. Nc3 a6 6. e4 Bb4 7. Bd3 Qc7 8. 0-0 Nc6 9. Nxc6 bxc6 10. Na4 Be7 11. Be3 c5 12. Nc3 Bb7 13. f4 d6 14. Qe2 0-0 15. Rad1 Bc6 16. Bc1 Nd7 17. Rde1 Bf6 18. Nd1 g6 19. Kh1 Bg7 20. Bd2 Rae8 21. Bc3 f6 22. Qc2 Re7 23. Ne3 Rfe8 24. Rd1 Rf7 25. Rde1 Rfe7 26. Rd1 Rf7 27. Rde1 Rfe7 1/2-1/2

[Event "POL-chT3 Dolnoslaskie 1718"]
[Site "Poland"]
[Date "2017.11.19"]
[Round "4.22"]
[White "Grzesik, Norbert"]
[Black "Kowalczuk, Wojciech"]
[Result "1/2-1/2"]
[WhiteElo "1989"]
[BlackElo "2043"]
[PlyCount "93"]
[EventDate "2017.10.08"]
[EventType "team-tourn"]
[EventRounds "11"]
[EventCountry "POL"]
[SourceTitle "EXT 2019"]
[Source "ChessBase"]
[SourceDate "2018.10.10"]
[SourceVersion "1"]
[SourceVersionDate "2018.10.10"]
[SourceQuality "1"]

1. e4 e5 2. Nf3 Nf6 3. Nxe5 d6 4. Nf3 Nxe4 5. Nc3 Nxc3 6. dxc3 Nc6 7. Bf4 Bg4 8. Qd2 Bxf3 9. gxf3 Qe7+ 10. Be3 0-0-0 11. 0-0-0 Qe6 12. Kb1 Be7 13. f4 f5 14. Bg2 Bf6 15. Qd3 Qd7 16. Qb5 a6 17. Qb3 g6 18. c4 Rhe8 19. c5 Na5 20. Qd3 dxc5 21. Qxd7+ Rxd7 22. Rxd7 Kxd7 23. Bxc5 b6 24. Rd1+ Kc8 25. Be3 Nc4 26. Bc1 Nd6 27. Be3 Ne4 28. c3 b5 29. Kc2 Bh4 30. Bxe4 Rxe4 31. Rd4 Rxd4 32. Bxd4 Kd7 33. Kd3 Be7 34. a3 Bd6 35. Be3 Ke6 36. Bc1 Kd5 37. b3 Bc5 38. f3 Bg1 39. h3 a5 40. Bd2 a4 41. bxa4 bxa4 42. c4+ Ke6 43. Kc2 Bc5 44. Bc1 Bd4 45. Kd3 Ba1 46. Ke3 Bf6 47. Kd3 1/2-1/2

[Event "POL-chT3 Dolnoslaskie 1617"]
[Site "Poland"]
[Date "2017.04.02"]
[Round "9.6"]
[White "Kowalczuk, Wojciech"]
[Black "Cybulski, Marek"]
[Result "1-0"]
[WhiteElo "2036"]
[BlackElo "1653"]
[PlyCount "72"]
[EventDate "2016.10.16"]
[EventType "team-tourn"]
[EventRounds "11"]
[EventCountry "POL"]
[SourceTitle "EXT 2018"]
[Source "ChessBase"]
[SourceDate "2017.10.13"]
[SourceVersion "1"]
[SourceVersionDate "2017.10.13"]
[SourceQuality "1"]

1. e4 e6 2. Qe2 Nc6 3. Nf3 Nf6 4. g3 d5 5. e5 Nd7 6. d4 Nb6 7. Bg2 Be7 8. 0-0 0-0 9. c3 f6 10. exf6 Bxf6 11. h4 h6 12. Bf4 Bd7 13. Nbd2 a5 14. Ne5 Nxe5 15. Bxe5 a4 16. Bh3 Rc8 17. Rae1 Qe7 18. Bf4 Rfe8 19. Bg4 c5 20. Bh5 Rf8 21. Nf3 cxd4 22. Nxd4 Bxd4 23. cxd4 Qb4 24. Rd1 Kh8 25. Rfe1 Qe7 26. Bg6 Qf6 27. Bb1 Rc4 28. Qd3 Kg8 29. Qh7+ Kf7 30. Bd6 Rcc8 31. Be5 Qf3 32. Bxg7 Ke8 33. Bxf8 Qxf8 34. b3 axb3 35. axb3 Rc3 36. Rd3 Rc6 1-0

[Event "POL-chT3 Dolnoslaskie 1617"]
[Site "Poland"]
[Date "2017.02.05"]
[Round "7.2"]
[White "Szumilas, Piotr"]
[Black "Kowalczuk, Wojciech"]
[Result "0-1"]
[WhiteElo "2222"]
[BlackElo "2036"]
[PlyCount "106"]
[EventDate "2016.10.16"]
[EventType "team-tourn"]
[EventRounds "11"]
[EventCountry "POL"]
[SourceTitle "EXT 2018"]
[Source "ChessBase"]
[SourceDate "2017.10.13"]
[SourceVersion "1"]
[SourceVersionDate "2017.10.13"]
[SourceQuality "1"]

1. e4 b6 2. d4 Bb7 3. Bd3 c5 4. d5 e5 5. Nf3 Qc7 6. Qe2 a6 7. a4 d6 8. 0-0 Be7 9. Nc3 Nd7 10. Nd1 Ngf6 11. Ne3 g6 12. Nd1 0-0 13. h3 Nh5 14. c4 Nf4 15. Qc2 Nf6 16. Kh2 Qd7 17. Re1 Nxd3 18. Qxd3 Nh5 19. Bh6 Rfb8 20. Nc3 Bc8 21. Qe3 Qe8 22. Nd2 Bf6 23. Kh1 Bg7 24. Ne2 Bh8 25. Ng3 Nxg3+ 26. Qxg3 Bd7 27. b3 Rb7 28. Qd3 Qe7 29. Be3 Bg7 30. Nb1 f5 31. f3 Qh4 32. Nc3 f4 33. Bg1 g5 34. Qd2 Rf8 35. a5 bxa5 36. Reb1 Rfb8 37. Qc2 g4 38. fxg4 Bxg4 39. Bf2 Qh5 40. Kg1 Bc8 41. Rxa5 f3 42. Rxa6 Bxh3 43. gxh3 Bh6 44. Bg3 Rg7 45. Kh2 Rxg3 46. Kxg3 Bf4+ 47. Kf2 Qh4+ 48. Kg1 Kh8 49. Qf2 Rg8+ 50. Kf1 Qxh3+ 51. Ke1 Qh1+ 52. Qf1 Rg1 53. Kf2 Qh2+ 0-1

[Event "POL-chT3 Dolnoslaskie 1617"]
[Site "Poland"]
[Date "2017.01.08"]
[Round "5.7"]
[White "Lipien, Wieslaw"]
[Black "Kowalczuk, Wojciech"]
[Result "1/2-1/2"]
[WhiteElo "2025"]
[BlackElo "2036"]
[PlyCount "95"]
[EventDate "2016.10.16"]
[EventType "team-tourn"]
[EventRounds "11"]
[EventCountry "POL"]
[SourceTitle "EXT 2018"]
[Source "ChessBase"]
[SourceDate "2017.10.13"]
[SourceVersion "1"]
[SourceVersionDate "2017.10.13"]
[SourceQuality "1"]

1. e4 e5 2. Nf3 Nf6 3. Qe2 Nc6 4. d3 d6 5. h3 g6 6. g3 Bg7 7. Bg2 0-0 8. 0-0 h6 9. Be3 Re8 10. Qd2 Kh7 11. Nc3 Be6 12. d4 exd4 13. Nxd4 Nxd4 14. Bxd4 Qd7 15. Kh2 Rad8 16. Rad1 c5 17. Be3 b5 18. e5 dxe5 19. Qxd7 Bxd7 20. Bxc5 a6 21. Nd5 Nxd5 22. Bxd5 Be6 23. Bxe6 Rxd1 24. Rxd1 Rxe6 25. Rd6 Rxd6 26. Bxd6 e4 27. c3 f5 28. Kg2 h5 29. Kf1 Kg8 30. Ke2 Kf7 31. Bf4 Ke6 32. Bd2 Kd5 33. b3 Bf6 34. h4 f4 35. Bxf4 Bxc3 36. Be3 a5 37. Bb6 a4 38. bxa4 bxa4 39. Ke3 Bg7 40. Kd2 Kc4 41. Ke3 Kb4 42. Kxe4 Ka3 43. Kd3 Kxa2 44. Kc2 Bf8 45. Bd4 Ka3 46. Bc3 Bc5 47. Be1 Bb4 48. Bc3 1/2-1/2

[Event "Golden Rook op 56th"]
[Site "Chotowa"]
[Date "2014.06.12"]
[Round "7"]
[White "Banasik, Krzysztof"]
[Black "Kowalczuk, Wojciech"]
[Result "1-0"]
[WhiteElo "2292"]
[BlackElo "2064"]
[PlyCount "111"]
[EventDate "2014.06.08"]
[EventType "team-swiss"]
[EventRounds "9"]
[EventCountry "POL"]
[SourceTitle "EXT 2015"]
[Source "ChessBase"]
[SourceDate "2014.11.20"]
[SourceVersion "1"]
[SourceVersionDate "2014.11.20"]
[SourceQuality "1"]

1. e4 c5 2. Nf3 Nc6 3. Bb5 g6 4. Bxc6 bxc6 5. d4 cxd4 6. Qxd4 Nf6 7. e5 Ng8 8. 0-0 Bg7 9. Re1 Nh6 10. Bf4 Nf5 11. Qd2 h5 12. Nc3 0-0 13. h3 h4 14. Rad1 Qa5 15. b3 d5 16. Na4 Qxd2 17. Rxd2 f6 18. Nc5 a6 19. c3 fxe5 20. Bxe5 Ra7 21. Bxg7 Kxg7 22. Nd4 Nxd4 23. Rxd4 g5 24. Re6 Rf6 25. Re5 Rf5 26. Rxf5 Bxf5 27. Ra4 Bc8 28. f4 Kf6 29. fxg5+ Kxg5 30. Nd3 Rc7 31. Ne5 Kf6 32. Nf3 e5 33. Rxh4 e4 34. Rf4+ Kg7 35. Nd4 c5 36. Ne2 a5 37. c4 dxc4 38. bxc4 Re7 39. Ng3 e3 40. Kf1 Rf7 41. Rxf7+ Kxf7 42. Ke2 Bb7 43. Kxe3 Bxg2 44. h4 Kg6 45. Kf4 Kf6 46. a3 Ke6 47. h5 Kf6 48. Ne4+ Kg7 49. Ke5 Bf1 50. Nd2 Be2 51. Kd6 Bxh5 52. Kxc5 a4 53. Kd6 Bg4 54. c5 Bc8 55. Nc4 Kf6 56. Nb6 1-0

[Event "POL-chT3 Dolnoslaskie 1314"]
[Site "Poland"]
[Date "2013.12.01"]
[Round "4.27"]
[White "Kowalczuk, Wojciech"]
[Black "Gorecki, Janusz"]
[Result "1/2-1/2"]
[WhiteElo "2144"]
[BlackElo "1878"]
[PlyCount "143"]
[EventDate "2013.10.20"]
[EventType "team-tourn"]
[EventRounds "11"]
[EventCountry "POL"]
[SourceTitle "EXT 2018"]
[Source "ChessBase"]
[SourceDate "2017.10.13"]
[SourceVersion "1"]
[SourceVersionDate "2017.10.13"]
[SourceQuality "1"]
[WhiteTeam "Zarow Goniec"]
[BlackTeam "Polanica Zdroj KSz"]
[WhiteTeamCountry "POL"]
[BlackTeamCountry "POL"]

1. e4 c5 2. Nf3 a6 3. b3 d6 4. Bb2 Nc6 5. Be2 e5 6. 0-0 Nf6 7. d3 Be7 8. h3 h6 9. Nbd2 Be6 10. Re1 Qc7 11. c3 0-0 12. d4 d5 13. exd5 Bxd5 14. Nxe5 cxd4 15. cxd4 Rfe8 16. Bf3 Bb4 17. Bxd5 Nxd5 18. Rc1 Re6 19. a3 Bxd2 20. Qxd2 Rc8 21. Rc5 Rd8 22. Rec1 Qb6 23. Nxc6 bxc6 24. b4 Rde8 25. Rf1 Re2 26. Qc1 R8e6 27. Rc2 Nf4 28. Kh1 Nd3 29. Rxe2 Rxe2 30. Qc4 Qb5 31. Qxb5 axb5 32. Ba1 Ra2 33. Kg1 Rxa3 34. Rb1 Nf4 35. Kh2 Nd5 36. f3 Ra4 37. Kg3 Nxb4 38. Kf4 Nc2 39. Bc3 Nxd4 40. Ke5 Ne6 41. Kd6 Rc4 42. Be5 Rc2 43. Rb2 Rxb2 44. Bxb2 c5 45. g3 b4 46. Kd5 g5 47. Be5 Kf8 48. f4 gxf4 49. gxf4 b3 50. Kc4 b2 51. Bxb2 Nxf4 52. Bc1 Nxh3 53. Bxh6+ Ke7 54. Kxc5 Nf2 55. Kd5 Kf6 56. Be3 Ng4 57. Bc1 Kf5 58. Kd4 Ne5 59. Bh6 Nf3+ 60. Ke3 Kg4 61. Kf2 f5 62. Bc1 Ne5 63. Bh6 Nd3+ 64. Ke2 Nf4+ 65. Bxf4 Kxf4 66. Kf2 Ke4 67. Ke2 f4 68. Kf2 f3 69. Kf1 Kf4 70. Kf2 Kg4 71. Kf1 Kg3 72. Kg1 1/2-1/2

[Event "POL-chT3 Dolnoslaskie 1314"]
[Site "Poland"]
[Date "2013.11.17"]
[Round "3.7"]
[White "Chmielewski, Jakub"]
[Black "Kowalczuk, Wojciech"]
[Result "1/2-1/2"]
[WhiteElo "1903"]
[BlackElo "2144"]
[PlyCount "80"]
[EventDate "2013.10.20"]
[EventType "team-tourn"]
[EventRounds "11"]
[EventCountry "POL"]
[SourceTitle "EXT 2018"]
[Source "ChessBase"]
[SourceDate "2017.10.13"]
[SourceVersion "1"]
[SourceVersionDate "2017.10.13"]
[SourceQuality "1"]
[WhiteTeam "Wroclaw MUKS MDK Srodmiescie"]
[BlackTeam "Zarow Goniec"]
[WhiteTeamCountry "POL"]
[BlackTeamCountry "POL"]

1. e4 c5 2. Nf3 Nc6 3. d4 cxd4 4. Nxd4 Nf6 5. Nc3 e6 6. Nxc6 bxc6 7. e5 Nd5 8. Ne4 Qc7 9. f4 Qb6 10. c4 Bb4+ 11. Ke2 Ba6 12. Kf3 f5 13. exf6 Nxf6 14. Be3 Qa5 15. Nxf6+ gxf6 16. Qd4 e5 17. Qe4 0-0-0 18. Be2 Bb7 19. Kf2 Rhe8 20. f5 Bc5 21. b4 Bxb4 22. Rab1 Bc5 23. Rb3 Kc7 24. Rhb1 Rb8 25. Qd3 Red8 26. Kf1 Bxe3 27. Qxe3 Ba8 28. Rxb8 Rxb8 29. Rxb8 Kxb8 30. Qh6 Qxa2 31. Qxf6 Qa1+ 32. Kf2 Qd4+ 33. Kg3 Kc7 34. Bg4 c5 35. Qe7 Qf4+ 36. Kh4 Qxh2+ 37. Kg5 Qf4+ 38. Kh5 Qh2+ 39. Kg5 Qf4+ 40. Kh5 Qh2+ 1/2-1/2

[Event "Ogolnopolski-ch 55th"]
[Site "Zamosc"]
[Date "2013.??.??"]
[Round "6"]
[White "Kowalczuk, Wojciech"]
[Black "Molenda, Marcin"]
[Result "1/2-1/2"]
[WhiteElo "2154"]
[BlackElo "1873"]
[PlyCount "108"]
[EventDate "2013.06.07"]
[EventType "swiss"]
[EventRounds "9"]
[EventCountry "POL"]
[SourceTitle "EXT 2014"]
[Source "ChessBase"]
[SourceDate "2013.11.20"]
[SourceVersion "1"]
[SourceVersionDate "2013.11.20"]
[SourceQuality "1"]

1. e4 e5 2. Nc3 Nc6 3. Bc4 Nf6 4. d3 Be7 5. a3 0-0 6. f4 exf4 7. Bxf4 d6 8. Qd2 Ne5 9. Ba2 Ng6 10. Bg3 Nh5 11. Bf2 Bg4 12. Nge2 Bg5 13. Be3 Bh4+ 14. g3 Ne5 15. Rf1 Be7 16. Ng1 Qd7 17. Nce2 Nf6 18. 0-0-0 c5 19. Rde1 b5 20. Nf4 a5 21. Nd5 Ra6 22. Nxe7+ Qxe7 23. Bg5 Ned7 24. Bxf6 Nxf6 25. Qg5 Be6 26. e5 dxe5 27. Rxe5 h6 28. Qf4 Nd7 29. Ree1 Qd8 30. Bxe6 Rxe6 31. Qg4 Rfe8 32. Nf3 Ne5 33. Nxe5 Rxe5 34. Rxe5 Rxe5 35. Qf3 Qe8 36. Kd2 a4 37. Rf2 Qe7 38. Re2 Qg5+ 39. Re3 Rf5 40. Qa8+ Kh7 41. Qe4 g6 42. Kd1 Qf6 43. c3 Rf1+ 44. Re1 Rf2 45. Re2 Rf1+ 46. Kd2 Qg5+ 47. Qe3 Qd5 48. Qe5 Qb3 49. Ke3 c4 50. dxc4 Qxc4 51. Qe4 Qc5+ 52. Kd2 Qg5+ 53. Qe3 Qd5+ 54. Qd4 Qg5+ 1/2-1/2

[Event "Ogolnopolski-ch 55th"]
[Site "Zamosc"]
[Date "2013.??.??"]
[Round "7"]
[White "Kowalczyk, Rafal"]
[Black "Kowalczuk, Wojciech"]
[Result "1-0"]
[WhiteElo "2147"]
[BlackElo "2154"]
[PlyCount "53"]
[EventDate "2013.06.07"]
[EventType "swiss"]
[EventRounds "9"]
[EventCountry "POL"]
[SourceTitle "EXT 2014"]
[Source "ChessBase"]
[SourceDate "2013.11.20"]
[SourceVersion "1"]
[SourceVersionDate "2013.11.20"]
[SourceQuality "1"]

1. e4 b6 2. d4 Bb7 3. f3 e6 4. Bd3 c5 5. c3 Nc6 6. Be3 cxd4 7. cxd4 Nf6 8. Nc3 Be7 9. Nge2 d6 10. 0-0 0-0 11. Rc1 Rc8 12. Ng3 Qd7 13. h3 Rfd8 14. a3 Na5 15. Qe2 Qe8 16. b4 Nc6 17. f4 Nb8 18. f5 Nbd7 19. Nb5 Rxc1 20. Bxc1 Nf8 21. Nxa7 Qa4 22. Nb5 Rc8 23. e5 dxe5 24. dxe5 Ne8 25. Bb2 Bh4 26. fxe6 Nxe6 27. Qh5 1-0

[Event "Augustow Golden Rook op 53rd"]
[Site "Augustow"]
[Date "2011.06.03"]
[Round "9.13"]
[White "Siembab, Bartosz"]
[Black "Kowalczuk, Wojciech"]
[Result "1/2-1/2"]
[WhiteElo "2303"]
[BlackElo "2196"]
[PlyCount "25"]
[EventDate "2011.05.29"]
[EventType "team-swiss"]
[EventRounds "9"]
[EventCountry "POL"]
[SourceTitle "EXT 2023"]
[Source "ChessBase"]
[SourceDate "2022.10.05"]
[SourceVersion "1"]
[SourceVersionDate "2022.10.05"]
[SourceQuality "1"]
[WhiteTeam "Radkow Giecek"]
[BlackTeam "Zarow Goniec"]
[WhiteTeamCountry "POL"]
[BlackTeamCountry "POL"]

1. d4 d5 2. c4 dxc4 3. e3 e6 4. Bxc4 c5 5. Nf3 Nf6 6. 0-0 a6 7. Qe2 b5 8. Bb3 Bb7 9. Rd1 Qb6 10. a4 Nbd7 11. e4 cxd4 12. axb5 axb5 13. Rxa8+ 1/2-1/2

[Event "Augustow Golden Rook op 53rd"]
[Site "Augustow"]
[Date "2011.06.02"]
[Round "8.13"]
[White "Kowalczuk, Wojciech"]
[Black "Bukowski, Wojciech"]
[Result "1-0"]
[WhiteElo "2196"]
[BlackElo "2079"]
[PlyCount "119"]
[EventDate "2011.05.29"]
[EventType "team-swiss"]
[EventRounds "9"]
[EventCountry "POL"]
[SourceTitle "EXT 2023"]
[Source "ChessBase"]
[SourceDate "2022.10.05"]
[SourceVersion "1"]
[SourceVersionDate "2022.10.05"]
[SourceQuality "1"]
[WhiteTeam "Zarow Goniec"]
[BlackTeam "Augustow LKS"]
[WhiteTeamCountry "POL"]
[BlackTeamCountry "POL"]

1. b3 e5 2. Bb2 Nc6 3. e3 Nf6 4. Ne2 d5 5. g3 Be6 6. Bg2 Qd7 7. f4 e4 8. h3 h5 9. Nbc3 0-0-0 10. Nb5 Kb8 11. Nbd4 Nxd4 12. Nxd4 c5 13. Nxe6 Qxe6 14. Qe2 Rh6 15. 0-0-0 c4 16. Kb1 Rc8 17. c3 Nd7 18. g4 h4 19. g5 Rh7 20. Qg4 Qxg4 21. hxg4 b5 22. Rh3 Be7 23. Kc2 Kc7 24. Bf1 Rb8 25. Be2 g6 26. Rdh1 Rbh8 27. Rb1 a6 28. Bd1 Rb8 29. Kc1 Nc5 30. Bc2 Rb7 31. Kd1 Nd7 32. Ke2 Rb8 33. Kf2 Bd6 34. Kg2 Nb6 35. Rhh1 Rhh8 36. Kh3 Nd7 37. Ra1 Nb6 38. Rhb1 Be7 39. Bc1 Ra8 40. a4 Bc5 41. bxc4 bxc4 42. Ba3 Bxa3 43. Rxa3 a5 44. Rb5 Kc6 45. Ra1 Ra7 46. Rab1 Ra6 47. Rf1 Rh7 48. f5 Nd7 49. Rf2 Ra8 50. Rf4 Ra6 51. Bxe4 dxe4 52. Rxe4 Nb6 53. Re7 gxf5 54. Rxf5 Nd5 55. Ree5 Nc7 56. e4 Kd7 57. Rf6 Ra8 58. Rc5 Ne6 59. Rxc4 Rg8 60. g6 1-0

[Event "Augustow Golden Rook op 53rd"]
[Site "Augustow"]
[Date "2011.06.02"]
[Round "7.9"]
[White "Szczerbak, Jaroslaw"]
[Black "Kowalczuk, Wojciech"]
[Result "1/2-1/2"]
[WhiteElo "2165"]
[BlackElo "2196"]
[PlyCount "27"]
[EventDate "2011.05.29"]
[EventType "team-swiss"]
[EventRounds "9"]
[EventCountry "POL"]
[SourceTitle "EXT 2023"]
[Source "ChessBase"]
[SourceDate "2022.10.05"]
[SourceVersion "1"]
[SourceVersionDate "2022.10.05"]
[SourceQuality "1"]
[WhiteTeam "Blizyn Kordian"]
[BlackTeam "Zarow Goniec"]
[WhiteTeamCountry "POL"]
[BlackTeamCountry "POL"]

1. e4 c5 2. f4 Nc6 3. Nc3 d6 4. d3 Rb8 5. Nf3 e6 6. d4 cxd4 7. Nxd4 a6 8. Be3 Nge7 9. a4 Nxd4 10. Qxd4 Nc6 11. Qd2 Be7 12. Be2 0-0 13. 0-0 Qc7 14. Rad1 1/2-1/2

[Event "POL-chT 2nd League"]
[Site "Ustron"]
[Date "2008.09.12"]
[Round "7.93"]
[White "Kowalczuk, Wojciech"]
[Black "Rys, Sebastian"]
[Result "1-0"]
[WhiteElo "2201"]
[BlackElo "1973"]
[PlyCount "73"]
[EventDate "2008.09.06"]
[EventType "team-swiss"]
[EventRounds "9"]
[EventCountry "POL"]
[SourceTitle "EXT 2015"]
[Source "ChessBase"]
[SourceDate "2014.11.20"]
[SourceVersion "1"]
[SourceVersionDate "2014.11.20"]
[SourceQuality "1"]
[WhiteTeam "Walbrzych KSz Hetman"]
[BlackTeam "Poznan Komandoria"]
[WhiteTeamCountry "POL"]
[BlackTeamCountry "POL"]

1. e4 e5 2. Nf3 Nc6 3. Bc4 Bc5 4. 0-0 d6 5. c3 Nf6 6. d3 h6 7. b4 Bb6 8. h3 0-0 9. Bb3 Be6 10. Nbd2 Bxb3 11. Qxb3 a6 12. a4 Nh5 13. Nc4 Ba7 14. Ne3 Ne7 15. d4 exd4 16. cxd4 Nf4 17. Bb2 Neg6 18. Rfe1 Qd7 19. Rad1 Rae8 20. Nf1 Kh8 21. Ng3 d5 22. Ne5 Nxe5 23. dxe5 d4 24. Nf5 Ne6 25. Rd2 c5 26. bxc5 Nxc5 27. Qg3 Ne6 28. Bxd4 Bxd4 29. Rxd4 Qc7 30. Rd6 Rg8 31. Red1 Qc2 32. Rd7 Nc5 33. R7d2 Qxa4 34. Rd4 Qc6 35. Qh4 g5 36. Qg4 Kh7 37. Rd6 1-0